| 000 | 00595nam a22001697a 4500 | ||
|---|---|---|---|
| 005 | 20251108165450.0 | ||
| 008 | 250721s1976 xx 000 0 ara d | ||
| 082 | 1 | 4 | _aم/020.6/مؤت |
| 111 | 2 | _aالمؤتمر المكتبي (الثالث : تشرين الثاني 1976 : الموصل) | |
| 245 | 1 | 0 | _aوقائع و بحوث المؤتمر / |
| 264 | 1 |
_aبغداد : _bجمعية اتحاد المكتبيين العراقيين : جامعة الموصل، _c1976. |
|
| 300 | _a323ص | ||
| 650 | 1 | 7 | _aالمكتبات |
| 650 | 1 | 7 | _aالمؤتمرات |
| 942 |
_2ddc _cREF |
||
| 999 |
_c28574 _d28574 |
||